000 00535nam a2200217Ia 4500
003 OSt
005 20220924153525.0
006 a|||||r|||| 00| 0
007 ta
008 220923b |||||||| |||| 00| 0 hin d
024 _a350561
037 _cTextual
040 _aARTS
_cARTS
_bhin
041 _2hin
_ahin
082 _aO33, N7
100 _aPodyal Mahanand Au.
_9229052
245 0 _aVichran aafne shitij
260 _c1997
942 _hO33, N7
_cTEXL
_2CC
999 _c473881
_d473881